000 00921nam0a2200265 4500
001 RU\NLR\ONL1\3363
005 20250806202937.0
035 _a(NLR Aleph) 009632116
090 _a54551
_c54551
100 _a20040609d1945 u y0rusy50 ca
101 0 _achm
102 _aRU
105 _ay |||||||||
200 1 _aКолхозный вольык фермыште агитаторын пашаже
_f[Пер. Малинин А. М.]
210 _aЙошкар-Ола
_cМаргосиздат
_d1945
215 _a38,[2] с.
_d20
541 1 _aВ помощь агитатору на колхозной животноводческой ферме
_zrus
801 0 _aRU
_bNLR
_c20040609
_gPSBO
852 _aNLR
_bОНЛ
_jМар.л./2-1114
942 _cBOOK
945 _aРоссийская национальная библиотека
980 _aNB
980 _aBV